000 00429nam a2200181Ia 4500
001 13511
005 20260306164806.0
008 260306t1997||||xx |||||||||||||| ||spa||
041 _aESP
082 _a004.6
_bG24
100 _aGarcía Tomás, Jesús
_eAUT
245 0 _aRedes de alta velocidad
260 _c1997
300 _axxiv, 270 páginas :
_c23 cm.
650 _aGEN
654 _aCCC
942 _cLIB
_dJUS
_fJUS
_2ddc
_n
999 _c13511
_d13511